MARC details
| 000 -CABECERA |
| campo de control de longitud fija |
00988nam a2200277 a 4500 |
| 003 - IDENTIFICADOR DEL NÚMERO DE CONTROL |
| campo de control |
MX-MxUPN |
| 005 - FECHA Y HORA DE LA ÚLTIMA TRANSACCIÓN |
| campo de control |
20240829172438.0 |
| 008 - ELEMENTOS DE LONGITUD FIJA--INFORMACIÓN GENERAL |
| campo de control de longitud fija |
991125s1907 mx a jr 000 0 spa d |
| 035 ## - NÚMERO DE CONTROL DEL SISTEMA |
| Número de control de sistema |
UPN01000024194 |
| 040 ## - FUENTE DE LA CATALOGACIÓN |
| Centro catalogador/agencia de origen |
MX-MxUPN |
| Lengua de catalogación |
spa |
| Centro/agencia transcriptor |
MX-MxUPN |
| 041 ## - CÓDIGO DE IDIOMA |
| Código de lengua del texto/banda sonora o título independiente |
spa |
| 050 #4 - SIGNATURA TOPOGRÁFICA DE LA BIBLIOTECA DEL CONGRESO |
| Número de clasificación |
LB1584 |
| Número de documento/Ítem |
T6.4 1907 |
| 100 1# - ASIENTO PRINCIPAL--NOMBRE PERSONAL |
| Nombre de persona |
Torres Quintero, Gregorio, |
| Fechas asociadas al nombre |
1866-1934 |
| 9 (RLIN) |
29436 |
| 245 10 - MENCIÓN DE TÍTULO |
| Título |
Una familia de héroes : |
| Resto del título |
libro de lectura para niños |
| 260 ## - PUBLICACIÓN, DISTRIBUCIÓN, ETC. |
| Lugar de publicación, distribución, etc. |
México ; |
| -- |
París : |
| Nombre del editor, distribuidor, etc. |
Libreria de la Vda. de Ch. Bouret, |
| Fecha de publicación, distribución, etc. |
1907. |
| 300 ## - DESCRIPCIÓN FÍSICA |
| Extensión |
286 páginas |
| 500 ## - NOTA GENERAL |
| Nota general |
A la cabeza de la portada: Narraciones mexicanas |
| 500 ## - NOTA GENERAL |
| Nota general |
"Geografía, historia, moral, civismo, ciencias, artes, industrias, viajes, costumbres, descripciones" |
| 650 #4 - ASIENTO SECUNDARIO DE MATERIA - TERMINO TEMATICO |
| Término de materia o nombre geográfico como elemento de entrada |
Civismo |
| Subdivisión general |
Estudio y enseñanza (Elemental) |
| 9 (RLIN) |
2807 |
| 650 #4 - ASIENTO SECUNDARIO DE MATERIA - TERMINO TEMATICO |
| Término de materia o nombre geográfico como elemento de entrada |
Lecturas y narraciones |
| 9 (RLIN) |
10213 |
| 650 #4 - ASIENTO SECUNDARIO DE MATERIA - TERMINO TEMATICO |
| Término de materia o nombre geográfico como elemento de entrada |
Novela mexicana |
| 9 (RLIN) |
4557 |
| 651 #4 - ASIENTO SECUNDARIO DE MATERIA - NOMBRE GEOGRAFICO |
| Nombre geográfico |
México |
| Subdivisión general |
Descripción y viajes |
| 9 (RLIN) |
10016 |
| 904 ## - ELEMENTOS DE DATOS D LOCAL, LDD (RLIN) |
| a |
AC |
| b |
024195 |
| 905 ## - TIPO DE MATERIAL |
| Tipo de material |
Libro |
| 942 ## - ELEMENTOS DE PUNTO DE ACCESO ADICIONAL (KOHA) |
| Fuente del sistema de clasificación o colocación |
Library of Congress Classification |
| Tipo de ítem Koha |
Libro |
| Suprimir en OPAC |
No |